Themis. Revista de derecho

Bibliographic Details
Corporate Author: Pontificia Universidad Catolica del Peru
Format: Book
Published: Peru Pontificia Universidad Catolica del Peru 2014
Subjects:
Online Access:Acceso restringido

MARC

LEADER 00000nam a22000007a 4500
005 20160413111032.0
007 cr|||| ||u|
008 160413s2014 pe ar|p |||| 0||| 1sp d
022 |a 2410-9592  
035 |a 14073 
040 |a vLex  
090 |c 5975  |d 5975 
245 1 0 |a  Themis. Revista de derecho  |h [Recurso electrn̤ico /  |c Pontificia Universidad Catolica del Peru  
256 |a Servicio en ln̕ea  
260 |a Peru  |b Pontificia Universidad Catolica del Peru   |c 2014 
300 |a 1 recurso electrn̤ico  
310 |a Anual  
506 1 |a Contenido solo disponible en los productos indicados   |d vLex Global  |d vLex Global (Academic Edition, excluding Law Schools)  |d vLex Global (U.S. Academic Edition, Law Schools)  |d vLex Global (U.S. Academic Edition, excluding Law Schools)  |d vLex Global (Academic Edition, Law Schools) 
650 0 4 |a Derecho   |z Peru 
710 0 |a Pontificia Universidad Catolica del Peru  
740 0 |a vLex revistas (servicio en ln̕ea)  
856 4 0 |u http://vlex.com/source/themis-revista-derecho-14073  |z Acceso restringido  
942 |c REV